Zwycięzcy Pucharu UEFA i Ligi Europy - Statystyki

Ogólne statystyki
  • Ten quiz został rozwiązany 52 razy
  • Średni wynik to 21 z 49
Statystyki odpowiedzi
Sezon Przeciwnik Wynik Zwycięzca % Poprawnych
2016/17 Ajax Amsterdam 0:2 Manchester United
80%
2005/06 Middlesbrough FC 0:4 Sevilla FC
76%
2006/07 Espanyol Barcelona 2:2; 1:3 (kar.) Sevilla FC
76%
2013/14 Benfica Lizbona 0:0; 2:4 (kar.) Sevilla FC
76%
2014/15 Dnipro Dnipropetrowsk 2:3 Sevilla FC
76%
2015/16 Liverpool FC 1:3 Sevilla FC
76%
2019/20 Inter Mediolan 2:3 Sevilla FC
76%
2009/10 Fulham FC 1:2 (po dogr.) Atletico Madryt
71%
2011/12 Athletic Bilbao 0:3 Atletico Madryt
71%
2017/18 Olympique Marsylia 0:3 Atletico Madryt
71%
2002/03 Celtic FC 2:3 (srebrny gol) FC Porto
63%
2010/11 SC Braga 0:1 FC Porto
63%
2012/13 Benfica Lizbona 0:2 Chelsea FC
59%
2018/19 Arsenal FC 1:4 Chelsea FC
59%
1990/91 AS Roma 0:2; 1:0 Inter Mediolan
57%
1993/94 Austra Casino Salzburg 0:1; 0:1 Inter Mediolan
57%
1997/98 SS Lazio 0:3 Inter Mediolan
57%
1984/85 Videoton Szekesfehervar 0:3; 1:0 Real Madryt
55%
1985/56 1. FC Koln 1:5; 2:0 Real Madryt
55%
1991/92 Torino FC 2:2; 0:0 (br. wyj.) Ajax Amsterdam
49%
1995/96 Girondins Bordeaux 0:2; 1:3 Bayern Monachium
49%
1972/73 Borussia Monchengladbach 0:3; 2:0 Liverpool FC
47%
1975/76 Club Brugge 2:3; 1:1 Liverpool FC
47%
2000/01 Deportivo Alaves 4:5 (złoty gol) Liverpool FC
47%
2008/09 Werder Brema 1:2 (po dogr.) Szachtar Donieck
45%
1971/72 Wolverhampton Wanderers 1:2; 1:1 Tottenham Hotspur
41%
1983/84 RSC Anderlecht 1:1; 1:1; 3:4 (kar.) Tottenham Hotspur
41%
1973/74 Tottenham Hotspur 2:2; 0:2 Feyenoord Rotterdam
37%
2001/02 Borussia Dortmund 2:3 Feyenoord Rotterdam
37%
1977/78 SC Bastia 0:0; 1:3 PSV Eindhoven
37%
1974/75 Twente Enschede 0:0; 1:5 Borussia Monchengladbach
29%
1978/79 Crvena Zvezda Belgrad 1:1; 0:1 Borussia Monchengladbach
29%
2004/05 Sporting Lizbona 1:3 CSKA Moskwa
27%
1988/89 VfB Stuttgart 1:2; 3:3 SSC Napoli
25%
1976/77 Athletic Bilbao 0:1; 2:1 (br. wyj.) Juventus FC
24%
1989/90 ACF Fiorentina 1:3; 0:0 Juventus FC
24%
1992/93 Borussia Dortmund 1:3; 0:3 Juventus FC
24%
1982/83 Benfica Lizbona 0:1; 1:1 RSC Anderlecht
24%
2003/04 Olympique Marsylia 0:2 Valencia CF
24%
2007/08 Rangers FC 0:2 Zenit Petersburg
24%
1994/95 Juventus FC 0:1; 1:1 AC Parma
20%
1998/99 Olympique Marsylia 0:3 AC Parma
20%
1979/80 Borussia Monchengladbach 3:2; 0:1 (br. wyj.) Eintracht Frankfurt
14%
1996/97 Inter Mediolan 0:1; 1:0; 1:4 (kar.) Schalke 04 Gelsenkirchen
10%
1987/88 Espanyol Barcelona 3:0; 0:3; 2:3 (kar.) Bayer 04 Leverkusen
8%
1999/2000 Arsenal FC 0:0; 1:4 (kar); Galatasaray SK
8%
1981/82 Hamburger SV 0:1; 0:3 IFK Goteborg
4%
1986/87 Dundee United 0:1; 1:1 IFK Goteborg
4%
1980/81 AZ Alkmaar 0:3; 4:2 Ipswich Town FC
4%
Nie znaleziono quizów pasujących do podanych kryteriów
Rozkład punktacji
Procent ludzi z każdym wynikiem
Percentyl według liczby udzielonych odpowiedzi
Twoja historia wyników
Nie rozwiązałeś tego quizu